Faculty of Law Library — Cairo University

Official Online Catalog

A Treatise On The Law Of Sedition And Cognate Offences In British India, : (Record no. 64052)

MARC details
000 -LEADER
fixed length control field 01094nam a2200301 i 4500
003 - CONTROL NUMBER IDENTIFIER
control field EG-GICUC
005 - DATE AND TIME OF LATEST TRANSACTION
control field 20260223113447.0
008 - FIXED-LENGTH DATA ELEMENTS--GENERAL INFORMATION
fixed length control field 260223s1911 ii ||fr|||| 001 0 eng d
040 ## - CATALOGING SOURCE
Original cataloging agency EG-GiCUC
Language of cataloging eng
Transcribing agency EG-GiCUC
Modifying agency EG-GiCUC
Description conventions rda
041 #0 - LANGUAGE CODE
Language code of text/sound track or separate title eng
082 04 - DEWEY DECIMAL CLASSIFICATION NUMBER
Edition number 21
Classification number 341.69
Item number DO . T
092 04 - LOCALLY ASSIGNED DEWEY CALL NUMBER (OCLC)
Edition number 21
099 ## - LOCAL FREE-TEXT CALL NUMBER (OCLC)
Classification number Law1 11 341.69 DO . T 1911
100 1# - MAIN ENTRY--PERSONAL NAME
Personal name Donogh, Walter Russell
Relator term Author.
245 12 - TITLE STATEMENT
Title A Treatise On The Law Of Sedition And Cognate Offences In British India, :
Remainder of title Penal And Preventive. With An Excerpt Of The Acts In Force Relating To The Press The Stage, And Public Meetings /
Statement of responsibility, etc. By Walter Russell Donogh.
264 #1 - PRODUCTION, PUBLICATION, DISTRIBUTION, MANUFACTURE, AND COPYRIGHT NOTICE
Place of production, publication, distribution, manufacture Calcutta :
Name of producer, publisher, distributor, manufacturer Thacker, Spink & Co
Date of production, publication, distribution, manufacture, or copyright notice 1911.
300 ## - PHYSICAL DESCRIPTION
Extent 279 pages,
Dimensions 24 cm.
336 ## - CONTENT TYPE
Source rda content
Content type term text
337 ## - MEDIA TYPE
Source rda media
Media type term Computer
338 ## - CARRIER TYPE
Source rda carrier
Carrier type term Online Resource
500 ## - GENERAL NOTE
General note Salus Aripublice Suprema Lex<br/>
500 ## - GENERAL NOTE
General note Includes index.<br/><br/>
546 ## - LANGUAGE NOTE
Language note Text in English
650 14 - SUBJECT ADDED ENTRY--TOPICAL TERM
Topical term or geographic name entry element Public international law
856 40 - ELECTRONIC LOCATION AND ACCESS
Uniform Resource Identifier <a href="https://fll.law.cu.edu.eg/fulltext/bks/B11-08405.pdf">https://fll.law.cu.edu.eg/fulltext/bks/B11-08405.pdf</a>
905 ## - Cataloger and Reviser Names
Cataloger Name: Basma Mohamed
942 ## - ADDED ENTRY ELEMENTS (KOHA)
Source of classification or shelving scheme Dewey Decimal Classification
Koha item type Books
Edition 21
Suppress in OPAC No
Holdings
Withdrawn status Lost status Source of classification or shelving scheme Damaged status Not for loan Collection Home library Current library Date acquired Total checkouts Full call number Barcode Date last seen Copy number Price effective from Koha item type
    Dewey Decimal Classification   Not for loan القانون الدولي العام جــــامعة القــاهرة مكتبة كلية الحقوق - المبنى الرئيسي 23.02.2026   Law1 11 341.69 DO . T 1911 1108405 C1 B11-08405 23.02.2026 1 23.02.2026 Books

© All rights reserved — Faculty of Law, Cairo University